Removal of chlorophenols using industrial wastes /

Shranjeno v:
Bibliografske podrobnosti
Drugi avtorji: Suhas., Gupta, Vinod K., Jain, Ajay K., Jain, Shubhi.
Format: Bài viết
Jezik:English
Teme:
Oznake: Označite
Brez oznak, prvi označite!
Thư viện lưu trữ: Thư viện Trường Đại học Đà Lạt
LEADER 00983nam a2200337 4500
001 DLU090094440
005 ##20091201
040 # # |a DLU  |b eng 
041 # # |a eng 
044 # # |a us 
245 # # |a Removal of chlorophenols using industrial wastes /  |c Ajay K. Jain ... [et al.]. 
653 # # |a Chlorophenols 
653 # # |a Industrial waste water 
653 # # |a Organic compounds 
653 # # |a Physicochemical purification 
653 # # |a Waste reuse 
653 # # |a Waste water purification 
700 # # |a Suhas. 
700 # # |a Gupta, Vinod K. 
700 # # |a Jain, Ajay K. 
700 # # |a Jain, Shubhi. 
773 # # |t Environmental Science & Technology  |g Vol. 38, no. 4 (February 2004), p. 1195-1200 
920 # # |a Phòng Tạp chí -- Trung tâm Thông tin - Thư viện Trường Đại học Đà Lạt 
994 # # |a DLU 
900 # # |a True 
911 # # |a Trương Bảo Trâm Anh 
925 # # |a G 
926 # # |a A 
927 # # |a BB 
980 # # |a Thư viện Trường Đại học Đà Lạt